Strategic Interaction/

Guardado en:
Detalles Bibliográficos
Autor principal: Goffman, Erving (autor)
Formato: Libro
Idioma:Inglés
Publicado: Filadelfia, EUA : University of Pennsylvania, 1970, c1969
Colección:(University of Pennsylvania Series in Conduct and Communication)
Temas:
Etiquetas: Agrega una etiqueta
Sin etiquetas, Sé el primero en etiquetar este registro!

MARC

LEADER 00000nam^a2200000^a^4500
001 000283369
005 20250521000000.0
009 20260310111634.55
025 |a Donación sin dato, 1 ejemplar 
037 |a Acervo ITESO - Biblioteca 
041 |a ING 
082 |a 302.  |b GOF 
100 |a Goffman, Erving  |e (autor) 
245 1 0 |a Strategic Interaction/  |c E. Goffman. 
264 4 |a Filadelfia, EUA :  |b University of Pennsylvania,  |c 1970, c1969 
300 |a 145 p. 
336 |a texto  |b txt  |2 rdacontenido 
337 |a sin mediación  |b n  |2 rdamedio 
338 |a volumen  |b nc  |2 rdasoporte 
440 1 |a (University of Pennsylvania Series in Conduct and Communication) 
649 |a XX 
650 |a Interacción Social -  |x Tema Principal 
910 |a Fondo General 
920 |a Impresos - Libros 
930 |a Colección General 
905 |a 101 
901 |a 0500169708  |b IT1  |c ACC  |i D  |u 20250521 
902 |a https://opac.biblio.iteso.mx/vufind/Record/000283369